V Conferencia Argentina de Educacion Medica. Innovaciones para la Calidad de la Educacion Medica. Resumenes (Registro nro. 1797)

Detalles MARC
000 -LEADER
fixed length control field 01280nam a2200253 a 4500
003 - CONTROL NUMBER IDENTIFIER
control field OSt
005 - FECHA ULTIMA MODIFICACION
control field 20131016142623.0
008 - FIXED-LENGTH DATA ELEMENTS--GENERAL INFORMATION
fixed length control field 131016s2003 ag ||||| |||| 10| 0 spa d
040 ## - CATALOGING SOURCE
Transcribing agency Biblioteca Medicina
041 ## - LANGUAGE CODE
Language code of text/sound track or separate title spa
082 ## - DEWEY DECIMAL CLASSIFICATION NUMBER
Item number CONGRESOS 024
110 2# - MAIN ENTRY--CORPORATE NAME
Corporate name or jurisdiction name as entry element Asociacion de Facultades de Ciencias Medicas de la Republica Argentina
9 (RLIN) 2704
245 00 - TITLE STATEMENT
Title V Conferencia Argentina de Educacion Medica. Innovaciones para la Calidad de la Educacion Medica. Resumenes
260 ## - PUBLICATION, DISTRIBUTION, ETC. (IMPRINT)
Place of publication, distribution, etc Buenos Aires
Name of publisher, distributor, etc Asociacion de Facultades y Ciencias Medicas de la Republica Argentina (AFACIMERA);
-- Facultad de Ciencias Medicas;
-- Universidad Nacional de La Plata
Date of publication, distribution, etc 2003
300 ## - PHYSICAL DESCRIPTION
Extent 136 p.
518 ## - DATE/TIME AND PLACE OF AN EVENT NOTE
Date/time and place of an event note La PLata, Buenos Aires. 10 al 12 de Octubre de 2003
653 ## - INDEX TERM--UNCONTROLLED
Uncontrolled term EDUCACION MEDICA-CONFERENCIAS-2003
653 ## - INDEX TERM--UNCONTROLLED
Uncontrolled term AFACIMERA-2003
942 ## - ADDED ENTRY ELEMENTS (KOHA)
Source of classification or shelving scheme Dewey Decimal Classification
Koha item type Hemeroteca
Existencias
Withdrawn status Lost status Fuente de clasificación Damaged status Not for loan Colección Ubicación permanente Ubicación actual Sala de ubicación Fecha de adquisición Total Checkouts Número de clasificación Date last seen Número de ejemplar Price effective from Koha tipo de elemento (item)
    Dewey Decimal Classification     Non-fiction Biblioteca Medicina Biblioteca Medicina Circulación 16/10/2013   CONGRESOS 024 06/11/2014 Ej. 1 16/10/2013 Hemeroteca
    Dewey Decimal Classification     Non-fiction Biblioteca Medicina Biblioteca Medicina Circulación 16/10/2013   CONGRESOS 024 06/11/2014 Ej. 2 16/10/2013 Hemeroteca
    Dewey Decimal Classification     Non-fiction Biblioteca Medicina Biblioteca Medicina Circulación 16/10/2013   CONGRESOS 024 06/11/2014 Ej. 3 16/10/2013 Hemeroteca
    Dewey Decimal Classification     Non-fiction Biblioteca Medicina Biblioteca Medicina Circulación 16/10/2013   CONGRESOS 024 06/11/2014 Ej. 4 16/10/2013 Hemeroteca

UNIVERSIDAD NACIONAL DEL COMAHUE
Biblioteca de la Facultad de Ciencias Médicas
Sede Toschi: Los Arrayanes y Av. Toschi, Cipolletti  - Rio Negro
Sede Los Tordos:  Yrigoyen al 2211, Cipolletti - Rio Negro 

Teléfono: 0299 - 4774707 int 25
Contacto: biblioteca@facimed.uncoma.edu.ar
© 2011 - 2026